Meu reino por um cavalo (Record no. 11535)
[ view plain ]
| 000 -LÍDER | |
|---|---|
| campo de controle de tamanho fixo | 00364 a2200157 4500 |
| 001 - NÚMERO DE CONTROLE | |
| campo de controle | 11535 |
| 020 ## - ISBN - INTERNATIONAL STANDARD BOOK NUMBER | |
| ISBN - International Standard Book Number | 9788526008939 |
| 040 ## - FONTE DA CATALOGAÇÃO | |
| Instituição que transcreveu o registro | Anchieta - Aquarius |
| 100 ## - ENTRADA PRINCIPAL--NOME PESSOAL | |
| Nome pessoal | Machado, Ana Maria |
| 240 10 - TÍTULO UNIFORME | |
| Título uniforme | Meu reino por um cavalo |
| Idioma da obra | por |
| 245 10 - TÍTULO | |
| Título | Meu reino por um cavalo |
| 300 ## - DESCRIÇÃO FÍSICA | |
| Extensão | 23 p. |
| 362 0# - DATAS DE PUBLICAÇÃO E/OU DESIGNAÇÃO SEQUENCIAL | |
| Datas de publicação e/ou designação sequencial | 2004 |
| 650 #4 - ASSUNTO--TERMO TÓPICO | |
| Cabeçalho tópico ou nome geográfico | Literatura infanto-juvenil |
| 942 ## - ELEMENTOS DE ENTRADA ADICIONADOS (KOHA) | |
| Tipo de material Koha | Livros |
| Situação do descarte | Situação das perdas | Situação física | Não pode ser emprestado | Biblioteca de origem | Biblioteca atual | Data de aquisição | Total de empréstimos | Número de chamada completo | Código de barras | Data de último acesso | Data do preço efetivo | Tipo de material Koha |
|---|---|---|---|---|---|---|---|---|---|---|---|---|
| Colégio Anchieta - Aquarius | Colégio Anchieta - Aquarius | 21/11/2023 | 028.5 MAC MEU | 2344/AQU | 21/11/2023 | 21/11/2023 | Livros | |||||
| Colégio Anchieta - Aquarius | Colégio Anchieta - Aquarius | 21/11/2023 | 028.5 MAC MEU | 6419/AQU | 21/11/2023 | 21/11/2023 | Livros | |||||
| Colégio Anchieta - Bela Vista | Colégio Anchieta - Bela Vista | 21/11/2023 | LJ 028.5 M149m MAC MEU | 4284/BEL | 21/11/2023 | 21/11/2023 | Livros | |||||
| Colégio São Paulo | Colégio São Paulo | 21/11/2023 | LI 028.5 MAC MEU | 1227/ITA | 21/11/2023 | 21/11/2023 | Livros | |||||
| ESTA - SÃO BENTO | ESTA - SÃO BENTO | 30/04/2024 | 028.52 MAC MEU | EST00011251 | 30/04/2024 | 30/04/2024 | Livros |